| 000 | 00565nam a2200193Ia 4500 | ||
|---|---|---|---|
| 003 | OSt | ||
| 005 | 20250704104617.0 | ||
| 008 | 190216s9999||||xx |||||||||||||| ||und|| | ||
| 020 | _a9788122426175 | ||
| 040 | _coclc | ||
| 082 |
_a628.5 _bDEA/E |
||
| 100 | 1 |
_aDe, Anil K. _q(Anil Kumar), _d1927- _910603 |
|
| 245 | 0 |
_aEnvironmental Chemistry / _cAnil Kumar De |
|
| 250 | _a7th Ed. | ||
| 260 |
_bNew Age International Publishers, _c2013. _aNew Delhi: |
||
| 300 | _a366p | ||
| 650 | _aChemistry | ||
| 942 |
_cBK _2ddc _h628.5 _iDEA/E _k628.5 _mDEA/E |
||
| 999 |
_c3606 _d3606 |
||